000 00486nam a2200169 i 4500
001 bg
100 1 _aFIZDEL', J. A.
245 0 _aDefekty i metody ich ustranenija w konstrukcijach i soorużenijach /
_cJ. A. Fizdel'.
250 _aIzd. 2 dopol. i isprav.
260 _aMoskva :
_bIzdatel'stvo Literatury po Stroitel'stvu,
_c1970.
300 _as. 174 :
_bilustr.
040 _cBPK
041 _apol
080 _a69.059.2
942 _cKS
008 s pl f |000 0 pol
999 _c8797
_d8797